000 00712nam a2200205 i 4500
001 134623
003 ES-MaACL
005 20230906194719.0
007 t|
008 070912s1958 sp ||||1| spa d
100 1 _aWiechert, Ernst.
_9116754
245 1 0 _aObras de Ernst Wiechert.
260 _aBarcelona :
_bJosé Janés,
_c1958.
300 _a1 h. de lám., XVI, 1292 p. ;
_c18 cm.
490 1 _aMaestros de hoy
505 8 _aContiene: La vida sencilla -- El cisne no canta al morir -- La moza de Jürgen Doskocil -- Cuentos -- Novela pastoril --El búfalo blanco -- El bosque de los muertos
830 0 _aMaestros de hoy
_9182411
852 _aES-MaACL
_jC-15207
_bR.43111
999 _c134623
_d134623